| 000 | 01590nam a2200241Ia 4500 | ||
|---|---|---|---|
| 003 | Ost | ||
| 005 | 20260507075625.0 | ||
| 008 | 260507s9999||||xx |||||||||||||| ||und|| | ||
| 020 | _a9789947780237 | ||
| 040 | _cfsecg | ||
| 041 | _aara | ||
| 082 | _a332.642 | ||
| 100 |
_aبرودي، نعيمة _eمؤلف |
||
| 245 | 0 |
_aالتحليل الفني : _bالمبادئ والنظريات / _c نعيمة برودي |
|
| 260 |
_aالجزائر: _bالنشر الجامعي الجديد, _c2018 |
||
| 300 |
_a246 صفحة؛ _bأشكال بيانية، منحنيات بيانية _c24 سم |
||
| 504 | _aمراجع ص.243 | ||
| 520 | _aمدخل الى التحليل الفني مفهومه، ومزاياه وعيوبه واتنقاداته، و أنواع الخرائط وكيفية الاستفادة منها، بالاضافة الى اتجاهات الأسعار ومستويات الدعم والمقاومة، وكذلك النماذج والمؤشرات الفنية. من نظرية الموجات لاليوت مع القنوات السعرية وأهداف باستعمال نسب فيبوناتشي، بالاضافة الى تطبيقات التحليل الفني للتنبؤ بالتوجهات المستقبلية لسوق الأسهم السعودي،مع تحديد الاتجاه المستقبلي لسهم مصرف الراجحي، وأهم التطورات والأحداث التي شهدها هذا السوق. | ||
| 653 | _aالأسواق | ||
| 653 | _aالبورصات | ||
| 700 |
_aبن بوزيان، محمد _eمؤلف ثانوي |
||
| 942 | _cكتاب | ||
| 999 |
_c45165 _d45165 |
||